000 00380pab a2200157 454500
008 180718b2012 xxu||||| |||| 00| 0 eng d
100 _aRao, P.S.
245 _aNABARD and RBI: A 30 year legacy being upturned
260 _c2012
300 _ap.27-30.
362 _a22 Sep
650 _aAgriculture
773 _aEconomic and Political Weekly
908 _aN
909 _a97932
999 _c97931
_d97931